| 000 | 00549nam a2200205Ia 4500 | ||
|---|---|---|---|
| 003 | OSt | ||
| 005 | 20230518115536.0 | ||
| 008 | 210423s2007 xx 000 0 und d | ||
| 020 | _a9788120326491 | ||
| 040 | _cAL | ||
| 041 | _aeng | ||
| 082 |
_a660.2842 _223 _b SIVB |
||
| 100 |
_aSIVASANKAR (B). _964411 |
||
| 245 | _aBioseparations: principles and techniques. | ||
| 260 |
_aNew Delhi _bPHI Learning Pvt Ltd _c2007 |
||
| 300 |
_aviii,271 _bPB |
||
| 365 |
_b250 _cINR |
||
| 906 | _aBioseparations: ; principles ; techniques. | ||
| 942 |
_2ddc _cBK |
||
| 999 |
_c163573 _d163573 |
||